000 01463 a2200265 4500
001 21588
005 20260407155506.0
008 260407a1992 arg spa d
003 AR-UNSa-BCEJYS
040 _aAR-UNSa-BCEJYS
_bspa
_cAR-UNSa-BCEJYS
080 _a330.101.542
_xMicroeconomía
245 1 0 _aAnálisis microeconómico
020 _a978-84-85855-63-6
250 _a3a. ed.
264 1 _aBarcelona :
_bAntoni Bosch
_c1992
300 _axii, 636 p.
_c23 cm.
505 _a1. La tecnología - 2. La maximización del beneficio - 3. La función del beneficio - 4. La minimización de los costes - 5. La función de costes - 6. La dualidad - 7. La maximización de la utilidad - 8. La elección - 9. La demanda - 10. El excedente de los consumidores - 11. La incertidumbre - 12. Econometría - 13. Los mercados competitivos - 14. El monopolio - 15. La teoría de los juegos - 16. El oligopolio - 17. El intercambio - 18. La producción - 19. El tiempo - 20. Los mercados de activos - 21. Análisis del equilibrio - 22. EL bienestar - 23. Los bienes públicos - 24. Las externalidades - 25. La información - Matemáticas - 27. La optimización
041 _aspa
942 _cBK
590 _aniveau_biblio:m niveau_hierar:0
100 1 _aVarian, Hal R.
700 1 _aRabasco, María Esther
700 1 _aToharia Cortés, Luis
856 4 1 _uhttps://biblioeco.unsa.edu.ar/pmb/images/libros/Analisis Microeconomico.jpg
_yImagen de portada
_qimage/jpeg
999 _c830
_d830